عرض عادي
عرض مارك
- الرمحي، نضال محمود،
مدخل إسم شخص
001 - رقم الضبط
- حقل الضبط: 12360
003 - معرف رقم الضبط
- حقل الضبط: OSt
005 - تاريخ ووقت أخر عملية
- حقل الضبط: 20120505155912.0
008 - عناصر بيانات ثابتة الطول
- حقل تحكم ثابت الطول: 120505|||a|||||| | ||| d
040 ## - مصدر الفهرسة
- هيئة الفهرسة الأصلية: OSt
- وكالة الكتابة: OSt
100 ## - مدخل -- أسم شخص
- إسم شخص: الرمحي، نضال محمود،
- مصطلح الرابط: مترجم.
670 ## - بيانات المصدر موجوده
- الاستشهاد بالمصدر: Work cat.: (OSt): سميث، جيلورد ن. 12358, تطبيقات برنامج الإكسل للمبادىء المحاسبية = Excel applications for Accounting principles /, 2012.
